Advanced management accounting

Bibliographic Details
Main Author: Kaplan, Robert S. (Author)
Format: Book
Published: Englewood Cliffs, NJ : Prentice-Hall , c1982
Subjects:

MARC

LEADER 00000cam a2200000 7i4500
001 0000012113
005 20070618093000.0
008 021119s1982
020 |a 0130114030 
090 0 0 |a HF5635   |b .K15 1982 
100 0 |a Kaplan, Robert S. ,   |e author 
245 0 0 |a Advanced management accounting   |c Robert S. Kaplan 
260 2 |a Englewood Cliffs, NJ :   |b Prentice-Hall ,   |c c1982 
300 |a xvi, 655 p. :   |b ill. ; ;   |c 25 cm. 
504 |a Includes bibliographies and index 
650 0 |a Managerial accounting 
999 |a 1000014175   |b Book   |c OPEN SHELF (30 DAYS)   |e Gong Badak Campus 
999 |a 1000014176   |b Book   |c OPEN SHELF (30 DAYS)   |e Gong Badak Campus